Modrotlačiarska dielňa vo Vrbovom
| Titel: | Modrotlačiarska dielňa vo Vrbovom |
|---|---|
| Verfasser: | |
| In: |
Balneologický spravodaj, Band 33 (1995), Seite 119-134 alle Artikel anzeigen |
| Veröffentlicht: | 1995 |
| Format: | Aufsatz |
| Sprache: | Slowakisch |
X
alg: 39269519 001A $01999:11-11-16 001B $01999:27-04-21 $t20:50:54.000 001D $01999:11-11-16 001U $0utf8 001X $00 002@ $0Aox 003@ $0392695197 007A $0392695197 $aHEB 007T $0Herdb00243 010@ $aslo 011@ $a1995 021A $aModrotlačiarska dielňa vo Vrbovom 027A $aBlaudruckerwerkstatt in Vrbové 028A $aKováčová $dGabriela 031A $d33 $h119-134 $j1995 039B $aIn $8--Abvc--. Balneologický spravodaj. - Bratislava : Alfa, 1981-1983 $x199500000330000881 $9068735243 045F $a330.094373 $eDDC23BSB 045F/01 $a330.09 045F/03 $g4373 046C $aBlaudruckerwerkstatt in Vrbové $bÜbers. des Hauptsacht. lok: 39269519 78 exp: 39269519 78 1 #EPN 201B/01 $019-04-17 $t11:29:23.000 201U/01 $0utf8 203@/01 $0788794566 208@/01 $a11-11-16 $be 209A/01 $a/ $f000 $x00 220C/01 $aHerkunft: Hú SAV Bratislava 244Z/01 $2Trx $#Slowakische Republik $#Szlovák Köztársaság $#Republika Słowacka $#Slovenská Republika $#Slovensko $#Slowakei $#Słowacja $#Slovensko $8--Trx--Slovenská Republika $x01 $9391345796 244Z/01 $2Trx $#Verbó $8--Trx--Vrbové$gPiešťany $x02 $9391156837 244Z/01 $2Trx $#trükikojad $#spaustuvės $#printing shops $#nyomdák $#drukarnie $#tlačiarne $#tiskárny $8--Trx--Druckereien $x03 $9391376055 244Z/01 $2Trx $8--Trx--Zeitschriftenaufsatz $x04 $9391384341 245Z/01 $a13.03 $x01 245Z/01 $a09.04 $x02 247C/01 $82080>Marburg/Lahn, Herder-Institut, Forschungsbibliothek, Bibliographieportal $9336309341
| LEADER | 00000caa a22000002c 4500 | ||
|---|---|---|---|
| 001 | 392695197 | ||
| 003 | DE-603 | ||
| 005 | 20210427205054.0 | ||
| 007 | tu | ||
| 008 | 161111s1995 xx |||| | u00||u|slo c | ||
| 035 | |a (DE-599)HEB392695197 | ||
| 040 | |a DE-603 |b ger |c DE-603 |d DE-603 | ||
| 041 | |a slo | ||
| 082 | 0 | 4 | |8 1\u |a 330.094373 |q DE-101 |2 23/BSB |
| 085 | |8 1\u |b 330.09 | ||
| 085 | |8 1\u |z 2 |s 4373 | ||
| 100 | 1 | |a Kováčová, Gabriela | |
| 245 | 0 | 0 | |a Modrotlačiarska dielňa vo Vrbovom |
| 246 | 1 | |i Übers. des Hauptsacht. |a Blaudruckerwerkstatt in Vrbové | |
| 246 | 1 | 3 | |a Blaudruckerwerkstatt in Vrbové |
| 264 | 0 | |c 1995 | |
| 773 | 0 | 8 | |i In |t Balneologický spravodaj |d Bratislava : Alfa, 1981-1983 |g Band 33 (1995), Seite 119-134 |w (DE-603)068735243 |w (DE-600)1137444-5 |
| 924 | 0 | |9 2080 |a (DE-603)788794566 |b DE-2080 |c HES |d d |g / | |


